000 00686nam a22001817a 4500
999 _c19627
_d19627
003 AR-CdUCM
008 190518b ||||| |||| 00| 0 spa d
040 _aMUNICIPALIDAD PROVINCIAL DEL CUSCO
_cBIBLIOTECA MUNICIPAL DEL CUSCO
082 _a332 /
_bG82
100 _aGriziotti, Benvenuto
_941074
245 _aPrincipios de la ciencia de las Finanzas /
260 _aBuenos Aires :
_bDepalma,
_c1949.
300 _a478 páginas;
_c20 cm.
505 _aLas actividades financieras y leneas fundamentales del sistema tributarios -- Análisis crítico de las diversas categorias de los gastos púlblicos..
650 _aSistema tributario.
_941075
942 _2ddc
_cLIBROS
945 _awfj